| 000 | 01606cam a22003131i 4500 | ||
|---|---|---|---|
| 003 | SA-RiAUC | ||
| 005 | 20260419122659.0 | ||
| 008 | 260416s2000 iq o g 000 0 ara c | ||
| 040 |
_aSA-JeALM _bara _cSA-RiAUC _erda |
||
| 043 | _aa-iq--- | ||
| 082 | 0 | 4 |
_a956.713 _qSA-RiAUC |
| 090 |
_a956.713 _bع ز ا |
||
| 100 | 1 |
_aالعزاوي، عباس، _d1890-1971 _eمؤلف. |
|
| 245 | 1 | 0 |
_aشهر زور السليمانية : _b(اللواء والمدينة) / _cللمحامي عباس العزاوي ؛ راجعه وعلق عليه وقدم له محمد علي القره داغي. |
| 250 | _aالطبعة الأولى. | ||
| 264 | 1 |
_aبغداد : _bالسالمي للطباعة الفنية الحديثة، _c2000 |
|
| 300 |
_a331 صفحة : _bصور ؛ _c24 سم |
||
| 336 |
_aنص _btxt _2rdacontent _3كتاب |
||
| 337 |
_aبدون وسيط _bn _2rdamedia |
||
| 500 | _aإهداء من المؤلف عباس العزاوي الى الشيخ رحمه الله بتاريخ 1433/5/4 هـ | ||
| 520 | 0 | _aيبحث في اللواء وتاريخه ومدنه وعشائره وسائر أحواله الثقافية وغيرها. | |
| 651 | 7 |
_aالسليمانية (العراق) _xتاريخ _2aucsh |
|
| 651 | 7 |
_aالسليمانية (العراق) _xأحوال اجتماعية _xتاريخ _2aucsh |
|
| 651 | 7 |
_aالسليمانية (العراق) _xحياة فكرية _xتاريخ _2aucsh |
|
| 651 | 7 |
_aالسليمانية (العراق) _xآثار _2aucsh |
|
| 700 | 1 |
_aالقره داغي، محمد علي _eمراجع. |
|
| 942 |
_2ddc _cBOOK _n0 |
||
| 949 |
_aSA-JeALM _d260416 _uosman123 _n1 |
||
| 999 |
_c14812 _d14812 |
||